NOT Harry Potter Quiz Stats

 Plays Quiz Updated Nov 8, 2018

Challenge
Share
Tweet
Embed
Score 0/28 Timer 12:00
2 Plays Today
Clue Title % Correct
_ _ / K I L L / _ / M _ C K I N G B I _ DTo Kill a Mockingbird
90.9%
J U _ _ S S I C / _ _ _ KJurassic Park
90.8%
_ _ _ / D _ / V I N C I / C _ D _The Da Vinci Code
86.7%
_ _ _ / S _ I N I N GThe Shining
80.3%
L I F _ / _ F / _ ILife of Pi
80.1%
L _ _ D / _ F / _ _ _ / F L I _ SLord of the Flies
79.2%
B _ _V _ / N _ W / W _ _ L DBrave New World
76.7%
_ / W _ I N K L _ / I N / _ I M _A Wrinkle in Time
75.8%
_ W I L I G _ _Twilight
71.5%
D _ _ C U L _Dracula
70.6%
_ _ _ / _ I _ C _ _ _ K _ _ ' S / G U I D _ / _ _ / _ _ _ / G _ L _ X _ The Hitchhiker's Guide to the Galaxy
67.9%
_ _ _ _ S U _ _ / I S L _ N DTreasure Island
64.6%
_ _ _ / G _ D F _ _ _ _ _The Godfather
61.2%
S L _ U G _ _ _ _ _ _ U S _ - F I V _Slaughterhouse-Five
54.5%
Clue Title % Correct
D _ . / Z _ I V _ G _Dr. Zhivago
53%
G _ _ _ _ / _ X _ _ C _ _ _ I _ N SGreat Expectations
51.8%
_ _ _ / _ I M _ / M _ C _ I N _The Time Machine
49%
_ _ B I N S _ N / C _ U S _ _Robinson Crusoe
45.5%
_ _ _ _ _ / _ _ _ _ _ _ / _ N D / _ _ _ / D _ _ _ _ L _ / _ _ L L _ W SHarry Potter and the Deathly Hallows
44.7%
J _ N _ / _ _ _ _Jane Eyre
42.8%
_ _ _ / _ _ B B I _The Hobbit
42.5%
_ _ _ / _ L C _ _ M I S _The Alchemist
41.5%
_ _ _ / B _ U _ N _ / I D _ N _ I _ _The Bourne Identity
41.4%
F _ U N D _ _ I _ N Foundation
40.3%
_ _ _ / K I _ _ / _ U N N _ _The Kite Runner
32.3%
_ _ _ / S C _ _ L _ _ / L _ _ _ _ _The Scarlet Letter
27.1%
C _ _ C _ _ _ / I N / _ _ _ / _ _ _Catcher in the Rye
25.4%
_ _ _ / _ U N _ / F _ _ / _ _ D / _ C _ _ B _ _The Hunt for Red October
18%

You're not logged in!

Compare scores with friends on all Sporcle quizzes.
OR
Log In

You Might Also Like...

Show Comments

Extras

Top Quizzes Today


Score Distribution

Your Account Isn't Verified!

In order to create a playlist on Sporcle, you need to verify the email address you used during registration. Go to your Sporcle Settings to finish the process.

Report this User

Report this user for behavior that violates our Community Guidelines.

Details: